| 000 | 00783nam a22002777a 4500 | ||
|---|---|---|---|
| 003 | CHAP | ||
| 005 | 20220329135009.0 | ||
| 008 | 971013s1963 r 00010 d | ||
| 010 | _a29261 | ||
| 011 | _a30233 | ||
| 035 | _a34345 | ||
| 040 | _cCHAP | ||
| 082 |
_a635.9 _bK7 |
||
| 100 | 0 | 0 |
_aKraft, Ken. _963840 |
| 245 | _aGarden to order | ||
| 260 |
_aGarden, N. Y. : _bDoubleday, _c1963 |
||
| 300 |
_a324 p. _b; láms. |
||
| 590 |
_aBATCH-UPD _b10 _c20130110 _lUCH01 _h1224 |
||
| 590 |
_aBATCH-UPD _b10 _c20130410 _lUCH01 _h0757 |
||
| 590 |
_aBATCH-UPD _b10 _c20130914 _lUCH01 _h1702 |
||
| 590 |
_aCONVERSION _b10 _c20130109 _lUCH01 _h1317 |
||
| 650 | 1 | 4 |
_aJardinería. _961143 |
| 901 | _aBK | ||
| 942 | _cLIBRO | ||
| 949 |
_a635.9 K7 _bBC _cLIBRO _d33724000249843 _eLIBRO _h65090 _i34345 _si |
||
| 999 |
_c29261 _d29261 |
||